00527nam a2200157Ia 4500999001900000041001200019082000800031082001100039100004700050245007700097260004500174260000900219650001600228942000800244952011700252 c203008d203008 aEnglish a630 bMIN/RE aMinistry of Agriculture and Irrigation  aReport of the national commission on agriculture 1976 : Inputs part-10 * bMinistry of Agriculture and Irrigation  c1976 aAgriculture cREF 00104070aKAUCOAbKAUCOAd2022-02-28l0o630 MIN/REpKAU_COA-4098 r2015-09-16 00:00:00w2015-09-16yREF